On my way to bed / Sarah Maizes ; illustrated by ... Read More
Available copies
- 1 of 1 copy available at LARL/NWRL Consortium.
- 1 of 1 copy available at Lake Agassiz Regional Library. (Show preferred library)
Current holds
0 current holds with 1 total copy.
Show Only Available Copies
| Location | Call Number / Copy Notes | Barcode | Shelving Location | Status | Due Date |
|---|---|---|---|---|---|
| Moorhead Public Library | E M (Text) | 33500011605177 | Main | Available | - |
Record details
- ISBN: 9780802723666 (hardback)
- ISBN: 0802723667 (hardback)
- ISBN: 9780802723673 (reinforced edition)
- ISBN: 0802723675 (reinforced edition)
- Physical Description: 1 v. (unpaged) : color illustrations ; 25 cm
- Publisher: New York : Walker Books for Young Readers, an imprint of Bloomsbury, 2013.
Content descriptions
| Summary, etc.: | Livi imagines herself as a tightrope walker, a zoo ... Read More |
Search for related items by subject
| LDR | 02045cam a2200493 i 4500 | ||
|---|---|---|---|
| 001 | 156839 | ||
| 003 | LARL_NWRL_CONSORTIUM | ||
| 005 | 20130923111215.0 | ||
| 008 | 130204s2013 nyua b 000 1 eng | ||
| 010 | . | ‡a2013001363 | |
| 020 | . | ‡a9780802723666 (hardback) | |
| 020 | . | ‡a0802723667 (hardback) | |
| 020 | . | ‡a9780802723673 (reinforced edition) | |
| 020 | . | ‡a0802723675 (reinforced edition) | |
| 035 | . | ‡a(OCoLC)826860857 ‡z(OCoLC)858725133 | |
| 037 | . | ‡bWalker & Co, C/O Mps 16365 James Madison Way, Gordonsville, VA, USA, 22942 ‡nSAN 631-5011 | |
| 040 | . | ‡aDLC ‡beng ‡erda ‡cDLC ‡dCKE ‡dOCLCO | |
| 042 | . | ‡apcc ‡alcac | |
| 050 | 0 | 0. | ‡aPZ7.M27954 ‡bOmm 2013 |
| 082 | 0 | 0. | ‡a[E] ‡223 |
| 084 | . | ‡aJUV001000 ‡aJUV010000 ‡aJUV013000 ‡2bisacsh | |
| 084 | . | ‡aJUV001000 | |
| 084 | . | ‡aJUV010000 | |
| 100 | 1 | . | ‡aMaizes, Sarah. |
| 245 | 1 | 0. | ‡aOn my way to bed / ‡cSarah Maizes ; illustrated by Michael Paraskevas. |
| 260 | . | ‡aNew York : ‡bWalker Books for Young Readers, an imprint of Bloomsbury, ‡c2013. | |
| 300 | . | ‡a1 v. (unpaged) : ‡bcolor illustrations ; ‡c25 cm | |
| 336 | . | ‡atext ‡2rdacontent | |
| 336 | . | ‡astill image ‡2rdacontent | |
| 337 | . | ‡aunmediated ‡2rdamedia | |
| 338 | . | ‡avolume ‡2rdacarrier | |
| 520 | . | ‡aLivi imagines herself as a tightrope walker, a zoo dentist, a magician, and more as she tries to avoid going to bed. | |
| 650 | 1. | ‡aBedtime ‡vFiction. | |
| 650 | 1. | ‡aImagination ‡vFiction. | |
| 650 | 7. | ‡aJUVENILE FICTION / Action & Adventure / General. ‡2bisacsh | |
| 650 | 7. | ‡aJUVENILE FICTION / Bedtime & Dreams. ‡2bisacsh | |
| 650 | 7. | ‡aJUVENILE FICTION / Family / General (see also headings under Social Issues). ‡2bisacsh | |
| 700 | 1 | . | ‡aParaskevas, Michael, ‡d1961- ‡eillustrator. ‡0(LARL_NWRL_CONSORTIUM)105320 |
| 948 | . | ‡hNO HOLDINGS IN LAL - 2 OTHER HOLDINGS | |
| 994 | . | ‡aZ0 ‡bLAL | |
| 901 | . | ‡a156839 ‡bOCLC ‡c156839 ‡tbiblio | |

Add to basket
Permalink
Disable Highlighting